Cinnamon Girl - Lana Del Rey - All Lyrics - Statistics

General Stats
  • This quiz has been taken 1,262 times
  • The average score is 265 of 303
Answer Stats
Answer % Correct
I
99%
you
98%
You
98%
you,
98%
me
97%
me,
97%
the
97%
to
97%
Ah, ah, ah,
96%
ah, ah, ah
96%
Cinnamon
96%
in
95%
my
95%
win
95%
be
93%
Be
93%
but
93%
But
93%
things
93%
say
92%
who
92%
just
91%
ever
90%
first
90%
let
90%
There's
90%
There’s
90%
wanna
90%
blue,
89%
did
89%
if
89%
red
89%
green,
88%
hold
88%
Hold
88%
keep
88%
Violet,
88%
hurting
87%
I'll
87%
touch
87%
without
87%
You’ll
87%
out,
86%
your
86%
live
84%
about,
83%
talk
83%
love
78%
that
78%
All
76%
teeth
76%
not
75%
kiss,
74%
touching
74%
you're
74%
from
73%
try
71%
back
70%
better
70%
Like
70%
way
70%
don't
69%
take
69%
find
67%
give
66%
on
66%
push
65%
work
65%
pills
63%
arm's
62%
at
62%
length
58%
make
57%
again
53%
fire
50%
mad,
50%
honey
42%
hands
40%
Kerosene
38%
No matching quizzes found
Score Distribution
Percent of People with Each Score
Percentile by Number Answered
Your Score History
You have not taken this quiz